000
00316nam a22001457a 4500
008
230907b ||||| |||| 00| 0 eng d
020
_a
06910080828
041
_a
eng
080
_a
51
082
_a
51GIL
100
_a
23
101
_a
MATEM
245
_a
LAZARE CARNOT SAVANT
_c
GILLISPIE .C.CH
942
_2
udc
_c
BK
999
_c
60300
_d
60300